[Event "Voronezh op-B 20th"]
[Site "Voronezh"]
[Date "2016.06.19"]
[Round "7"]
[White "Petrov, Timur"]
[Black "Kovalyov, Anatoly"]
[Result "0-1"]
[WhiteElo "1357"]
[BlackElo "1910"]
[PlyCount "72"]
[EventDate "2016.06.12"]
[EventType "swiss"]
[EventRounds "9"]
[EventCountry "RUS"]
[SourceTitle "EXT 2017"]
[Source "ChessBase"]
[SourceDate "2016.10.25"]
[SourceVersion "1"]
[SourceVersionDate "2016.10.25"]
[SourceQuality "1"]

1. Nf3 d5 2. d4 Nf6 3. c4 e6 4. Nc3 c6 5. e3 Nbd7 6. Bd3 Be7 7. 0-0 0-0 8. a3 dxc4 9. Bxc4 b5 10. Bd3 a6 11. b4 a5 12. bxa5 Rxa5 13. Bb2 Bb7 14. Qc2 Qa8 15. a4 b4 16. Ne4 Rh5 17. Rfc1 c5 18. Nxf6+ Nxf6 19. Be2 Rc8 20. Qd1 Rh6 21. h3 Nd5 22. Rc2 f5 23. dxc5 Bxc5 24. Nd4 Rg6 25. Nf3 Bxe3 26. Rxc8+ Qxc8 27. fxe3 Nxe3 28. Qd3 Rxg2+ 29. Kh1 Qb8 30. Qxe3 Bxf3 31. Qxe6+ Kh8 32. Be5 Rxe2+ 33. Kg1 Qa7+ 34. Bd4 Qxd4+ 35. Qe3 Qxe3+ 36. Kf1 Qf2# 0-1

[Event "Voronezh op-B 20th"]
[Site "Voronezh"]
[Date "2016.06.15"]
[Round "4"]
[White "Slugin, Yaroslav"]
[Black "Kovalyov, Anatoly"]
[Result "1-0"]
[WhiteElo "2009"]
[BlackElo "1910"]
[PlyCount "55"]
[EventDate "2016.06.12"]
[EventType "swiss"]
[EventRounds "9"]
[EventCountry "RUS"]
[SourceTitle "EXT 2017"]
[Source "ChessBase"]
[SourceDate "2016.10.25"]
[SourceVersion "1"]
[SourceVersionDate "2016.10.25"]
[SourceQuality "1"]

1. d4 Nf6 2. Nf3 e6 3. Bg5 Be7 4. Nbd2 d5 5. e3 0-0 6. Bd3 Nbd7 7. c3 c5 8. Ne5 Qc7 9. f4 b6 10. Ndf3 h6 11. Bh4 Nxe5 12. Nxe5 Ne4 13. Bxe7 Qxe7 14. 0-0 a5 15. Bxe4 dxe4 16. Qh5 f5 17. g4 Qe8 18. Qh4 fxg4 19. Qxg4 Rf5 20. Rf2 cxd4 21. cxd4 Bb7 22. Rg2 Qe7 23. Kh1 Rc8 24. Rag1 Rc7 25. Qg6 Rf6 26. Qh5 Kh7 27. Rg6 Rf5 28. Rxh6+ 1-0

[Event "Voronezh op-B 20th"]
[Site "Voronezh"]
[Date "2016.06.12"]
[Round "1"]
[White "Kovalyov, Anatoly"]
[Black "Yashmetov, Mikhail"]
[Result "0-1"]
[WhiteElo "1910"]
[BlackElo "2191"]
[PlyCount "98"]
[EventDate "2016.06.12"]
[EventType "swiss"]
[EventRounds "9"]
[EventCountry "RUS"]
[SourceTitle "EXT 2017"]
[Source "ChessBase"]
[SourceDate "2016.10.25"]
[SourceVersion "1"]
[SourceVersionDate "2016.10.25"]
[SourceQuality "1"]

1. d4 Nf6 2. c4 g6 3. Nc3 d5 4. e3 Bg7 5. Nf3 0-0 6. c5 b6 7. cxb6 axb6 8. Be2 Bb7 9. 0-0 Nbd7 10. b4 Ne4 11. Bb2 Ndf6 12. b5 c6 13. bxc6 Bxc6 14. Qb3 Nxc3 15. Bxc3 Ne4 16. Bb4 Nd6 17. Rfc1 Bb7 18. a3 Qd7 19. Rab1 Ne4 20. Be1 Ba6 21. Bxa6 Rxa6 22. Qb5 Qxb5 23. Rxb5 Rxa3 24. Rxb6 Rfa8 25. g3 Bf6 26. Rbc6 Kg7 27. Nd2 Nd6 28. Kg2 g5 29. h3 h5 30. R6c5 e6 31. Rc6 Nf5 32. Nf3 Ra2 33. R6c2 Nd6 34. Bb4 Nc4 35. Nd2 Nb2 36. Bc3 Nd3 37. Rxa2 Rxa2 38. Ra1 Rc2 39. Ba5 e5 40. dxe5 Nxe5 41. Ra3 Nc4 42. Nxc4 dxc4 43. Ra4 c3 44. Bb6 Rb2 45. Bd4 c2 46. Rc4 Bxd4 47. exd4 g4 48. hxg4 hxg4 49. Kf1 Rb1+ 0-1

[Event "Voronezh op-B 19th"]
[Site "Voronezh"]
[Date "2015.06.21"]
[Round "9"]
[White "Akmalov, Daniil"]
[Black "Kovalyov, Anatoly"]
[Result "1-0"]
[WhiteElo "2121"]
[BlackElo "1986"]
[PlyCount "143"]
[EventDate "2015.06.12"]
[EventType "swiss"]
[EventRounds "9"]
[EventCountry "RUS"]
[SourceTitle "CBM 167 Extra"]
[Source "ChessBase"]
[SourceDate "2015.09.14"]
[SourceVersion "1"]
[SourceVersionDate "2015.09.14"]
[SourceQuality "1"]

1. d4 Nf6 2. c4 e6 3. Nc3 d5 4. cxd5 exd5 5. Bg5 Be7 6. Nf3 0-0 7. e3 c6 8. Bd3 h6 9. Bh4 Bg4 10. Qc2 Nbd7 11. h3 Bxf3 12. gxf3 c5 13. dxc5 Nxc5 14. 0-0-0 Nxd3+ 15. Qxd3 Qa5 16. Kb1 Qb4 17. Qd4 Qxd4 18. Rxd4 Rfd8 19. Rhd1 g5 20. Bg3 Kf8 21. Nxd5 Nxd5 22. Rxd5 Rxd5 23. Rxd5 Rd8 24. Rxd8+ Bxd8 25. f4 f5 26. fxg5 hxg5 27. Kc2 Kf7 28. Kd3 Ke6 29. f3 Bf6 30. b3 Kd5 31. e4+ Ke6 32. Kc4 Be7 33. Kb5 Bd8 34. a4 f4 35. Bf2 a6+ 36. Kc4 Kd6 37. Bc5+ Ke6 38. Kd3 b6 39. Bd4 Bc7 40. Ke2 Bd8 41. Kd3 Bc7 42. Kc4 Bd8 43. b4 Kd6 44. b5 a5 45. Kd3 Ke6 46. Ke2 Kf7 47. Kf2 Kg6 48. Kg1 Bc7 49. Kg2 Kh5 50. Bf2 Bd8 51. h4 g4 52. e5 g3 53. Bd4 Kxh4 54. e6 Kg5 55. Bxb6 Be7 56. Bxa5 Kf6 57. Bc7 Kxe6 58. Bxf4 Kd5 59. b6 Kc6 60. Bc7 Bh4 61. Bxg3 Be7 62. Bc7 Kb7 63. f4 Bc5 64. f5 Kc6 65. f6 Kd7 66. Kf3 Bb4 67. Ke4 Ba5 68. Kd5 Bb4 69. Kc4 Bf8 70. Kb5 Kc8 71. Kc6 Be7 72. b7# 1-0

[Event "Voronezh School Rating 03"]
[Site "Voronezh"]
[Date "2015.03.22"]
[Round "9.6"]
[White "Kovalyov, Anatoly"]
[Black "Sakorenko, Adriana"]
[Result "1/2-1/2"]
[WhiteElo "1982"]
[BlackElo "1784"]
[PlyCount "34"]
[EventDate "2015.03.13"]
[EventType "swiss"]
[EventRounds "9"]
[EventCountry "RUS"]
[SourceTitle "EXT 2018"]
[Source "ChessBase"]
[SourceDate "2017.10.13"]
[SourceVersion "1"]
[SourceVersionDate "2017.10.13"]
[SourceQuality "1"]

1. e4 e6 2. d4 d5 3. Nc3 dxe4 4. Nxe4 Nd7 5. Nf3 Ngf6 6. Nxf6+ Nxf6 7. Bd3 Bd6 8. 0-0 0-0 9. c4 b6 10. Be3 c5 11. dxc5 Bxc5 12. Bxc5 bxc5 13. Qe2 Bb7 14. Rad1 Qb6 15. b3 Qc6 16. Rfe1 Rad8 17. Bc2 Rfe8 1/2-1/2

[Event "Voronezh School Rating 03"]
[Site "Voronezh"]
[Date "2015.03.17"]
[Round "4.6"]
[White "Kovalyov, Anatoly"]
[Black "Katkov, Vitaly"]
[Result "1-0"]
[WhiteElo "1982"]
[BlackElo "2061"]
[PlyCount "85"]
[EventDate "2015.03.13"]
[EventType "swiss"]
[EventRounds "9"]
[EventCountry "RUS"]
[SourceTitle "EXT 2018"]
[Source "ChessBase"]
[SourceDate "2017.10.13"]
[SourceVersion "1"]
[SourceVersionDate "2017.10.13"]
[SourceQuality "1"]

1. d4 c5 2. e3 Nf6 3. Nf3 d6 4. c4 g6 5. Nc3 Na6 6. Be2 Bg7 7. 0-0 0-0 8. a3 Nc7 9. b4 cxd4 10. exd4 d5 11. c5 Ne4 12. Qc2 Bf5 13. Bd3 Nxc3 14. Qxc3 Qd7 15. Ne5 Bxe5 16. dxe5 Bxd3 17. Qxd3 Qf5 18. Qxf5 gxf5 19. Bb2 Rfd8 20. Bd4 a5 21. Rfc1 axb4 22. c6 bxc6 23. Bb6 Rd7 24. axb4 Rxa1 25. Rxa1 Nb5 26. Kf1 d4 27. Ke2 Rd5 28. Kd3 f6 29. exf6 e5 30. f3 Kf7 31. Bc5 Nc3 32. Kc4 Nb5 33. Kd3 Kxf6 34. Ra6 Kg5 35. Rxc6 Nc3 36. Be7+ Kh5 37. h3 e4+ 38. fxe4 Nxe4 39. g4+ fxg4 40. hxg4+ Kxg4 41. Kxe4 d3 42. Rc1 Rd7 43. Bc5 1-0

[Event "Voronezh-ch"]
[Site "Voronezh"]
[Date "2014.10.30"]
[Round "3"]
[White "Klimentov, Roman"]
[Black "Kovalyov, Anatoly"]
[Result "1/2-1/2"]
[WhiteElo "2250"]
[BlackElo "1948"]
[PlyCount "62"]
[EventDate "2014.10.28"]
[EventType "tourn"]
[EventRounds "9"]
[EventCountry "RUS"]
[SourceTitle "CBM 163 Extra"]
[Source "ChessBase"]
[SourceDate "2014.12.23"]
[SourceVersion "1"]
[SourceVersionDate "2014.12.23"]
[SourceQuality "1"]

1. e4 e6 2. d3 d5 3. Nd2 c5 4. Ngf3 Nc6 5. g3 Nf6 6. Bg2 Be7 7. 0-0 0-0 8. e5 Nd7 9. Re1 Qc7 10. Qe2 b6 11. Nf1 Ba6 12. Bf4 Rac8 13. h4 c4 14. dxc4 Bxc4 15. Qd1 Nb4 16. Ne3 Ba6 17. Nd4 Bc5 18. Rc1 Nxa2 19. Ra1 Nb4 20. c3 Bxd4 21. cxb4 Bxe3 22. Rxe3 Bb5 23. Rc3 Qb8 24. Rca3 a6 25. Bf1 Bxf1 26. Kxf1 a5 27. bxa5 bxa5 28. Qe2 Rc5 29. Rxa5 Rxa5 30. Rxa5 Qc7 31. b4 Rb8 1/2-1/2